Music Quiz

Random Music or Album Quiz
Score 0/14 Timer 10:00
0 Plays Today
Year Album % Correct
1999Running with Scissors
93.8%
2003Poodle Hat
89.1%
2006Straight Outta Lynwood
87.6%
2014Mandatory Fun
83.3%
1983Weird Al Yankovic
82.9%
1984'Weird Al' Yankovic in 3-D
81.4%
1996Bad Hair Day
80.6%
Year Album % Correct
1988Even Worse
79.8%
1993Alapalooza
77.5%
1985Dare to Be Stupid
76%
1992Off the Deep End
74.4%
1986Polka Party!
72.1%
1989UHF - Original Motion Picture Soundtrack and Other Stuff
69.8%
2011Alpocalypse
14.7%

You're not logged in!

Compare scores with friends on all Sporcle quizzes.
OR
Log In

Sporcle TV

Today on Sporcle TV


Watch our educational content, quiz creation guides, and fun videos on Sporcle TV.

Show Comments

Extras

Top Quizzes Today


Score Distribution

Paid Content

Your Account Isn't Verified!

In order to create a playlist on Sporcle, you need to verify the email address you used during registration. Go to your Sporcle Settings to finish the process.

Report this User

Report this user for behavior that violates our Community Guidelines.

Details: